000 00290nam a22001337a 4500
008 180202b xxu||||| |||| 00| 0 eng d
020 _a9781609136215
041 _aeng
080 _a610.73
100 _a2
101 _aINF
245 _aNursing Drug Guide
_cKarch, A.M
942 _2udc
_cBK
999 _c41693
_d41693